Online katalóg knižníc regiónu Turca

[Snehulienka (Record no. 23482)

MARC details
000 -LEADER
fixed length control field 01747cam a2200529 a 4500
001 - CONTROL NUMBER
control field 23482
003 - CONTROL NUMBER IDENTIFIER
control field VRT
005 - DATE AND TIME OF LATEST TRANSACTION
control field 20260624155752.0
008 - FIXED-LENGTH DATA ELEMENTS--GENERAL INFORMATION
fixed length control field 160812s2014 xo e 000 f slo d
015 ## - NATIONAL BIBLIOGRAPHY NUMBER
National bibliography number SNBA2014/12
020 ## - INTERNATIONAL STANDARD BOOK NUMBER
International Standard Book Number 9788089612161 (viaz.)
035 ## - SYSTEM CONTROL NUMBER
System control number EA3DF5FB-6501-4FBB-B5A0-9B5955413F43
035 ## - SYSTEM CONTROL NUMBER
System control number urn:nbn:sk:snk-amjp6c
035 ## - SYSTEM CONTROL NUMBER
System control number urn:nbn:sk:snk-am000wqn
039 #9 - LEVEL OF BIBLIOGRAPHIC CONTROL AND CODING DETAIL [OBSOLETE]
Level of rules in bibliographic description 201610120913
Level of effort used to assign nonsubject heading access points drlickoj
Level of effort used to assign subject headings 201610061307
Level of effort used to assign classification argo
Level of effort used to assign subject headings 201608121011
Level of effort used to assign classification dragulova
Level of effort used to assign subject headings 201608121008
Level of effort used to assign classification dragulova
040 ## - CATALOGING SOURCE
Original cataloging agency POKPOH
Language of cataloging slo
Transcribing agency UKB
Modifying agency SNK
Description conventions AACR2
041 1# - LANGUAGE CODE
Language code of text/sound track or separate title slo
Language code of original fin
044 ## - COUNTRY OF PUBLISHING/PRODUCING ENTITY CODE
MARC country code xo
ISO country code SK
072 #7 - SUBJECT CATEGORY CODE
Subject category code 821.51
Subject category code subdivision Uralskoaltajské literatúry
Source konspekt
072 #7 - SUBJECT CATEGORY CODE
Subject category code 821-93
Subject category code subdivision Literatúra pre deti a mládež (beletria)
Source konspekt
080 ## - UNIVERSAL DECIMAL CLASSIFICATION NUMBER
Universal Decimal Classification number 821.511.111-31
Edition identifier 2004
080 ## - UNIVERSAL DECIMAL CLASSIFICATION NUMBER
Universal Decimal Classification number 821-93
Edition identifier 2004
080 ## - UNIVERSAL DECIMAL CLASSIFICATION NUMBER
Universal Decimal Classification number (0:82-312.4)
Edition identifier 2004
100 1# - MAIN ENTRY--PERSONAL NAME
Personal name Simukka, Salla,
Dates associated with a name 1981-
240 10 - UNIFORM TITLE
Uniform title Punainen kuin veri.
Language of a work Slovensky
245 11 - TITLE STATEMENT
Title [Snehulienka
Number of part/section of a work 1.]
Name of part/section of a work Červená ako krv
Statement of responsibility, etc. Salla Simukka ; [z fínskeho originálu preložila Zuzana Drábeková]
246 30 - VARYING FORM OF TITLE
Title proper/short title Červená ako krv
260 ## - PUBLICATION, DISTRIBUTION, ETC.
Place of publication, distribution, etc. Bratislava
Name of publisher, distributor, etc. Verbarium
Date of publication, distribution, etc. 2014
300 ## - PHYSICAL DESCRIPTION
Extent 256 s.
500 ## - GENERAL NOTE
General note 1. časť trilógie Snehulienka, 2. Biela ako sneh, 3. Čierna ako eben
653 ## - INDEX TERM--UNCONTROLLED
Uncontrolled term 821.511.111-31
653 ## - INDEX TERM--UNCONTROLLED
Uncontrolled term 821-93
653 ## - INDEX TERM--UNCONTROLLED
Uncontrolled term (0:82-312.4)
655 #7 - INDEX TERM--GENRE/FORM
Genre/form data or focus term fínske romány
Source of term UKBPH
655 #7 - INDEX TERM--GENRE/FORM
Genre/form data or focus term publikácie pre mládež
Source of term UKBPH
655 #7 - INDEX TERM--GENRE/FORM
Genre/form data or focus term thrillery (romány)
Source of term UKBPH
700 1# - ADDED ENTRY--PERSONAL NAME
Personal name Drábeková, Zuzana,
Dates associated with a name 1958-
Relationship trl
910 ## - USER-OPTION DATA (OCLC)
User-option data sllk
910 ## - USER-OPTION DATA (OCLC)
User-option data skpk
910 ## - USER-OPTION DATA (OCLC)
User-option data snk
910 ## - USER-OPTION DATA (OCLC)
User-option data totk
910 ## - USER-OPTION DATA (OCLC)
User-option data hevk
910 ## - USER-OPTION DATA (OCLC)
User-option data ukb
942 ## - ADDED ENTRY ELEMENTS (KOHA)
Source of classification or shelving scheme Dewey Decimal Classification
Koha item type Krásna literatúra pre dospelých
Suppress in OPAC No
949 ## - LOCAL PROCESSING INFORMATION (OCLC)
6 1800699316
a SJ.D.07931
b PV.2016-9838
949 ## - LOCAL PROCESSING INFORMATION (OCLC)
6 1800699317
a SK.D.75086
b PV.2016-9839
s 6707:20161018
Holdings
Stav vyradenia Strata Poškodenie Spôsob nadobudnutia Domovská knižnica Aktuálna knižnica Dátum nadobudnutia Total checkouts Čiarový kód exemplára Date due Date last seen Date last checked out Typ exemplára
      Dar Obecná knižnica Dražkovce Obecná knižnica Dražkovce 24.06.2026 1 4736500734 24.07.2026 24.06.2026 24.06.2026 Krásna literatúra pre dospelých
Projekt je podporený Slovenskou asociáciou knižníc
Prevádzkuje Turčianska knižnica Martin 2026